[Event "GRE-ch U14"]
[Site "Rio Achaia"]
[Date "2018.07.04"]
[Round "2"]
[White "Stefanou, Dimitrios"]
[Black "Davillas, Konstantinos"]
[Result "1/2-1/2"]
[WhiteElo "1824"]
[BlackElo "1454"]
[PlyCount "80"]
[EventDate "2018.07.03"]
[EventType "swiss"]
[EventRounds "9"]
[EventCountry "GRE"]
[SourceTitle "EXT 2019"]
[Source "ChessBase"]
[SourceDate "2018.10.10"]
[SourceVersion "1"]
[SourceVersionDate "2018.10.10"]
[SourceQuality "1"]

1. Nf3 d5 2. b3 Nf6 3. Bb2 e6 4. e3 Bd6 5. c4 c6 6. d4 0-0 7. Bd3 Nbd7 8. Nbd2 Re8 9. Ne5 Nf8 10. 0-0 N6d7 11. e4 Nxe5 12. dxe5 Bc5 13. Qc2 Bb6 14. Nf3 Ng6 15. Rfd1 Qe7 16. a4 Rd8 17. Bf1 Bd7 18. a5 Bc5 19. Bc3 a6 20. Rd2 Be8 21. Rad1 dxe4 22. Qxe4 Rxd2 23. Rxd2 Rd8 24. h4 Rxd2 25. Bxd2 Qd8 26. h5 Nf8 27. h6 Ng6 28. hxg7 Kxg7 29. b4 Be7 30. Qe3 Kg8 31. Qh6 Bf8 32. Qh5 Be7 33. Kh1 f6 34. exf6 Bxf6 35. Qg4 Bf7 36. Kg1 Qe7 37. c5 Kh8 38. Bc4 Ne5 39. Nxe5 Bxe5 40. Qe4 Qf6 1/2-1/2

[Event "GRE-ch U12"]
[Site "Porto Rio"]
[Date "2016.07.02"]
[Round "7"]
[White "Kouvidis, Ioannis"]
[Black "Davillas, Konstantinos"]
[Result "1/2-1/2"]
[WhiteElo "1275"]
[BlackElo "1355"]
[PlyCount "50"]
[EventDate "2016.06.28"]
[EventType "swiss"]
[EventRounds "9"]
[EventCountry "GRE"]
[SourceTitle "CBM 173 Extra"]
[Source "ChessBase"]
[SourceDate "2016.08.29"]
[SourceVersion "1"]
[SourceVersionDate "2016.08.29"]
[SourceQuality "1"]

1. e4 c5 2. Nf3 d6 3. Bb5+ Nc6 4. 0-0 Bd7 5. Re1 Nf6 6. d4 cxd4 7. Nxd4 a6 8. Bf1 g6 9. f3 Bg7 10. Be3 0-0 11. Nc3 Rc8 12. a4 Ne5 13. Nb3 Be6 14. Nd4 Nc4 15. Nxe6 Nxe3 16. Nxd8 Nxd1 17. Raxd1 Rfxd8 18. Rd2 Nd7 19. Nd5 Kf8 20. Rb1 Ne5 21. b3 Rc6 22. Nb4 Rc7 23. Nd5 Rc6 24. Nb4 Rc7 25. Nd5 Rc6 1/2-1/2